Propuesta de plan de negocios para la microempresa Mi Terruño
Presenta un plan de negocio para la creación de la microempresa familiar dedicada a la elaboración y venta de batidos de frutas frescas propias del país con una mezcla de sabores únicos según la solicitud del consumidor con atención personaliza a las socias inversionistas bajo el nombre de Mi...
| Main Authors: | , |
|---|---|
| Other Authors: | |
| Format: | Tesis Section = Libro |
| Language: | Undetermined Spanish |
| Published: |
Managua
UNI
2017
|
| Subjects: |
| LEADER | 01152nam a2200277Ia 4500 | ||
|---|---|---|---|
| 008 | 240830s9999 xx 000 0 und d | ||
| 040 | |a BIBLIOTECA-RUPAP T.Mon 658.4012 H565 | ||
| 041 | |a spa | ||
| 082 | |a T.Mon 658.4012 H565 | ||
| 100 | 1 | |a Herrera, Kenneth Ariel | |
| 100 | 1 | |b Montenegro Espinoza, Mijaíl | |
| 245 | 1 | 0 | |a Propuesta de plan de negocios para la microempresa Mi Terruño |
| 260 | |a Managua |b UNI |c 2017 | ||
| 300 | |a 91 p. :il. | ||
| 500 | |a Contiene: anexos y CD. | ||
| 502 | |a Tesis (Ingeniero de Sistemas)- UNI, 2017. | ||
| 520 | 3 | |a Presenta un plan de negocio para la creación de la microempresa familiar dedicada a la elaboración y venta de batidos de frutas frescas propias del país con una mezcla de sabores únicos según la solicitud del consumidor con atención personaliza a las socias inversionistas bajo el nombre de Mi Terruño. | |
| 650 | 7 | |a PLANIFICACION ESTRATEGICA | |
| 650 | 7 | |b MERCADEO-INVESTIGACION | |
| 650 | 7 | |c ESTRATEGIA ORGANIZACIONAL | |
| 650 | 7 | |d TOMA DE DECISION | |
| 650 | 7 | |e PROMOCION DE NEGOCIOS | |
| 700 | 1 | |a Tutor: |b Sánchez, Marvin | |
| 942 | |c BK |2 ddc | ||
| 991 | |a TESIS | ||
| 999 | |c 18580 | ||